Statistiken für Länder mit mehr als 100 Millionen Menschen

Klicken Sie hier um das Quiz zu spielen!

Allgemein

  • Dieses Quiz wurde 711 mal gespielt
  • Das Durchschnittsergebnis liegt bei 12 aus 14

Antwortstatistiken

DatumPopulationLand% Korrekt
14201 426 MilChina
100%
14501 361 MilIndien
99%
1915328 MilVereinigte Staaten
99%
1930144 MilRussland
97%
1972212 MilBrasilien
95%
1967127 MilJapan
90%
1965268 MilIndonesien
86%
1999132 MilMexiko
86%
1988203 MilPakistan
78%
1992199 MilNigeria
75%
2019100 MilÄgypten
73%
1988167 MilBangladesch
72%
2014107 MilPhilippinen
58%
2016109 MilÄthiopien
55%

Verteilung der Resultate

Perzentil nach korrekt beantworteten Fragen

Anzahl Personen mit jedem Resultat

Ihre Resultats-Entwicklung

Sie haben dieses Quiz noch nicht gespielt